Millwall Top Goalscorers of All Time - Statistics

General Stats
  • This quiz has been taken 6 times
  • The average score is 8 of 50
Answer Stats
Player APP Goals % Correct
Neil Harris 419 136
80%
Tim Cahill 249 56
80%
Teddy Sheringham 78 28
60%
Dennis Wise 96 10
40%
Jake Cooper 376 27
40%
Lee Gregory 238 76
40%
Paul Ifill 251 42
40%
Steve Morison 336 92
40%
Tony Cascarino 73 23
40%
Zian Flemming 92 23
40%
Aiden O'Brien 226 44
20%
Alan Dunne 388 23
20%
Duncan Watmore 80 13
20%
George Saville 232 17
20%
Jed Wallace 260 42
20%
Kim Grant 57 11
20%
Lucas Neill 131 13
20%
Matt Smith 102 21
20%
Murray Wallace 226 13
20%
Paul Robinson 361 22
20%
Shaun Hutchinson 268 14
20%
Shaun Williams 295 21
20%
Steven Reid 155 19
20%
Tom Bradshaw 211 45
20%
Andy Keogh 78 18
0%
Barry Hayles 60 17
0%
Benik Afobe 65 15
0%
Ben May 95 19
0%
Ben Thompson 175 12
0%
Chris Wood 19 11
0%
Danny Dichio 52 18
0%
Danny Schofield 77 12
0%
Darius Henderson 56 26
0%
Darren Byfield 36 16
0%
David Livermore 304 14
0%
Fred Onyedinma 151 121
0%
Gary Alexander 104 25
0%
James Henry 164 19
0%
Jay Simpson 62 12
0%
Lewis Grabban 70 11
0%
Liam Trotter 164 26
0%
Martyn Woolford 98 13
0%
Paul Moody 64 25
0%
Paul Shaw 115 27
0%
Poul Hubertz 38 10
0%
Richard Sadlier 148 39
0%
Scott Malone 189 14
0%
Shane Ferguson 217 12
0%
Steve Claridge 99 33
0%
Tom Elliott 67 10
0%
No matching quizzes found
Score Distribution
Percent of People with Each Score
Percentile by Number Answered
Your Score History
You have not taken this quiz